[Event "Oberoesterreich-ch op"]
[Site "Haid/Ansfelden"]
[Date "2018.03.31"]
[Round "9"]
[White "Nagy, Andrea"]
[Black "Hainzinger, Johann"]
[Result "0-1"]
[WhiteElo "1712"]
[BlackElo "2094"]
[PlyCount "54"]
[EventDate "2018.03.23"]
[EventType "swiss"]
[EventRounds "9"]
[EventCountry "AUT"]
[SourceTitle "EXT 2021"]
[Source "ChessBase"]
[SourceDate "2020.10.23"]
[SourceVersion "1"]
[SourceVersionDate "2020.10.23"]
[SourceQuality "1"]

1. d4 d5 2. c4 Nc6 3. Nf3 Nf6 4. cxd5 Qxd5 5. Nc3 Qa5 6. Bd2 Bg4 7. e3 e6 8. Qb3 Bxf3 9. gxf3 0-0-0 10. a3 Qf5 11. Be2 Be7 12. 0-0-0 a6 13. Rdg1 g6 14. h4 Nd5 15. f4 Nxf4 16. Bf1 Nd3+ 17. Bxd3 Qxd3 18. Qa4 Bf6 19. f4 Rd6 20. h5 Rhd8 21. hxg6 hxg6 22. Rh7 R6d7 23. Rgh1 Na7 24. Nd1 c5 25. Ba5 cxd4 26. Bxd8 Bxd8 27. Qc2+ Rc7 0-1

[Event "Oberoesterreich-ch op"]
[Site "Haid/Ansfelden"]
[Date "2018.03.30"]
[Round "8"]
[White "Hainzinger, Johann"]
[Black "Gruber, Gernot"]
[Result "0-1"]
[WhiteElo "2094"]
[BlackElo "1908"]
[PlyCount "52"]
[EventDate "2018.03.23"]
[EventType "swiss"]
[EventRounds "9"]
[EventCountry "AUT"]
[SourceTitle "EXT 2021"]
[Source "ChessBase"]
[SourceDate "2020.10.23"]
[SourceVersion "1"]
[SourceVersionDate "2020.10.23"]
[SourceQuality "1"]

1. e4 e6 2. d4 d5 3. e5 c5 4. c3 Nc6 5. Nf3 Qb6 6. a3 cxd4 7. cxd4 f6 8. Bd3 fxe5 9. dxe5 Nh6 10. Bxh6 gxh6 11. Nc3 Bg7 12. 0-0 0-0 13. Qc2 Nxe5 14. Bxh7+ Kh8 15. Nh4 Bd7 16. Rae1 Qd4 17. g3 Nf3+ 18. Nxf3 Rxf3 19. Ne2 Qxb2 20. Qc7 Bb5 21. Bc2 Bxe2 22. Rxe2 Rc3 23. Qd7 Rxc2 24. Rxe6 Rf8 25. Qxd5 Rcxf2 26. Rfe1 Rxh2 0-1

[Event "Oberoesterreich-ch op"]
[Site "Haid/Ansfelden"]
[Date "2018.03.26"]
[Round "4"]
[White "Hainzinger, Johann"]
[Black "Bernhard, Julia"]
[Result "1-0"]
[WhiteElo "2094"]
[BlackElo "1803"]
[PlyCount "73"]
[EventDate "2018.03.23"]
[EventType "swiss"]
[EventRounds "9"]
[EventCountry "AUT"]
[SourceTitle "EXT 2021"]
[Source "ChessBase"]
[SourceDate "2020.10.23"]
[SourceVersion "1"]
[SourceVersionDate "2020.10.23"]
[SourceQuality "1"]

1. Nc3 d5 2. e4 d4 3. Nce2 e5 4. Ng3 Bd6 5. Bc4 Nf6 6. d3 Be6 7. Nf3 Bxc4 8. dxc4 Nbd7 9. 0-0 h6 10. Bd2 Nc5 11. b4 Ncd7 12. c5 Bf8 13. c3 a5 14. a3 Be7 15. cxd4 exd4 16. e5 Ng4 17. e6 Nde5 18. exf7+ Nxf7 19. Nf5 0-0 20. N3xd4 Nge5 21. Ne6 Qd7 22. Nxe7+ Qxe7 23. Nxf8 Rxf8 24. Qb3 Kh8 25. Qg3 Qd7 26. Bc3 Qf5 27. Rfe1 Ng6 28. h4 Qh5 29. Re4 Qf5 30. Rae1 Kh7 31. Qxc7 Nfe5 32. f3 Rf7 33. Rxe5 Qf4 34. Qd8 Nxe5 35. Bxe5 Qf5 36. Qd4 Rd7 37. Qe4 1-0

[Event "Oberoesterreich-ch op"]
[Site "Haid/Ansfelden"]
[Date "2018.03.25"]
[Round "3"]
[White "Nagy, Laura"]
[Black "Hainzinger, Johann"]
[Result "1/2-1/2"]
[WhiteElo "1803"]
[BlackElo "2094"]
[PlyCount "59"]
[EventDate "2018.03.23"]
[EventType "swiss"]
[EventRounds "9"]
[EventCountry "AUT"]
[SourceTitle "EXT 2021"]
[Source "ChessBase"]
[SourceDate "2020.10.23"]
[SourceVersion "1"]
[SourceVersionDate "2020.10.23"]
[SourceQuality "1"]

1. e4 c5 2. Nc3 Nc6 3. g3 g6 4. Bg2 Bg7 5. d3 e6 6. Nge2 Nge7 7. Bg5 h6 8. Be3 Nd4 9. Qd2 Nec6 10. Nd1 d6 11. c3 Nxe2 12. Qxe2 0-0 13. 0-0 Qe7 14. f4 b5 15. Qf2 Bb7 16. f5 exf5 17. exf5 gxf5 18. Qxf5 Ne5 19. Bxb7 Qxb7 20. Qh5 Nxd3 21. Bxh6 Bxh6 22. Qxh6 Ne5 23. Qg5+ Ng6 24. h4 Qe7 25. Qg4 Qe6 26. Rf5 Qe1+ 27. Rf1 Qe6 28. Rf5 Qe1+ 29. Rf1 Qe6 30. Rf5 1/2-1/2

[Event "AUT-chT2M 1213"]
[Site "Austria"]
[Date "2012.10.21"]
[Round "3.6"]
[White "Spindelboeck, Gernot"]
[Black "Hainzinger, Johann"]
[Result "1-0"]
[WhiteElo "2233"]
[BlackElo "2122"]
[PlyCount "81"]
[EventDate "2012.10.19"]
[EventType "team-tourn"]
[EventRounds "11"]
[EventCountry "AUT"]
[SourceTitle "EXT 2013"]
[Source "ChessBase"]
[SourceDate "2012.11.22"]
[SourceVersion "1"]
[SourceVersionDate "2012.11.22"]
[SourceQuality "1"]
[WhiteTeam "Graz Austria"]
[BlackTeam "Grieskirchen/Schallerbach"]
[WhiteTeamCountry "AUT"]
[BlackTeamCountry "AUT"]

1. d4 g6 2. c4 Bg7 3. Nf3 d6 4. g3 c6 5. Bg2 Nf6 6. 0-0 0-0 7. Nc3 Na6 8. h3 Nd7 9. e4 e5 10. Be3 Qe7 11. Re1 Nc7 12. Qc2 b6 13. Rad1 Ba6 14. Bf1 Rac8 15. Qa4 Nb8 16. b4 b5 17. cxb5 cxb5 18. Nxb5 Qd7 19. Nc3 Bxf1 20. Qxd7 Nxd7 21. Kxf1 exd4 22. Bxd4 Bxd4 23. Nxd4 Na6 24. Nd5 Rc4 25. a3 Nb6 26. Nb5 Nc8 27. Rc1 Rxc1 28. Rxc1 Kg7 29. Rc6 Nb8 30. Rc7 a6 31. Nd4 Re8 32. f3 a5 33. b5 Kf8 34. Rb7 Ne7 35. Nxe7 Rxe7 36. Rxb8+ Kg7 37. b6 Kf6 38. Nc6 Rd7 39. Nxa5 d5 40. exd5 Rxd5 41. Ra8 1-0

[Event "AUT-chT2M 0102"]
[Site "Austria"]
[Date "2002.01.13"]
[Round "7.4"]
[White "Hainzinger, Johann"]
[Black "Maier, Alexander"]
[Result "1/2-1/2"]
[WhiteElo "2041"]
[BlackElo "2378"]
[PlyCount "24"]
[EventDate "2001.11.02"]
[EventType "team"]
[EventRounds "11"]
[EventCountry "AUT"]
[SourceTitle "EXT 2003"]
[Source "ChessBase"]
[SourceDate "2002.11.25"]
[SourceVersion "1"]
[SourceVersionDate "2002.11.25"]
[SourceQuality "1"]

1. Nc3 d5 2. e4 c6 3. Qf3 e6 4. Nh3 Nd7 5. d4 Qb6 6. Ng5 Nh6 7. Bd3 Qxd4 8. 0-0 Qf6 9. Qg3 d4 10. Ne2 Ne5 11. f4 Nxd3 12. Qxd3 Bc5 1/2-1/2

[Event "Donau op 10th"]
[Site "Aschach"]
[Date "2001.12.29"]
[Round "5"]
[White "Sucher, Johannes"]
[Black "Hainzinger, Johann"]
[Result "1-0"]
[WhiteElo "2234"]
[BlackElo "2037"]
[PlyCount "49"]
[EventDate "2001.12.26"]
[EventType "swiss"]
[EventRounds "7"]
[EventCountry "AUT"]
[SourceTitle "CBM 085 Extra"]
[Source "ChessBase"]
[SourceDate "2002.01.21"]
[SourceVersion "1"]
[SourceVersionDate "2002.01.21"]
[SourceQuality "1"]

1. d4 g6 2. e4 Bg7 3. Nc3 d6 4. Bg5 c5 5. d5 a6 6. f4 b5 7. Qd2 Nd7 8. Nf3 Qc7 9. Nd1 Nb6 10. Be2 Nf6 11. Nf2 Ng4 12. 0-0 Nxf2 13. Rxf2 Bxb2 14. Raf1 Bg7 15. f5 0-0 16. Bh6 Nd7 17. Qg5 Nf6 18. fxg6 hxg6 19. Bxg7 Kxg7 20. Nh4 Kg8 21. Nxg6 fxg6 22. Qxg6+ Kh8 23. Rf4 e5 24. Rh4+ Nh7 25. Rxf8# 1-0

[Event "Donau op 10th"]
[Site "Aschach"]
[Date "2001.12.27"]
[Round "2"]
[White "Jurkovic, Ante"]
[Black "Hainzinger, Johann"]
[Result "1-0"]
[WhiteElo "2312"]
[BlackElo "2037"]
[PlyCount "103"]
[EventDate "2001.12.26"]
[EventType "swiss"]
[EventRounds "7"]
[EventCountry "AUT"]
[SourceTitle "CBM 085 Extra"]
[Source "ChessBase"]
[SourceDate "2002.01.21"]
[SourceVersion "1"]
[SourceVersionDate "2002.01.21"]
[SourceQuality "1"]

1. e4 Nc6 2. Nf3 Nf6 3. e5 Ng4 4. d4 d6 5. h3 Nh6 6. Bb5 g6 7. Bf4 a6 8. Ba4 b5 9. Bb3 Na5 10. Bd5 Bb7 11. Bxb7 Nxb7 12. 0-0 Nf5 13. Nc3 d5 14. a4 c6 15. Qe2 b4 16. Na2 Qb6 17. c3 a5 18. Bd2 e6 19. Bg5 h6 20. Bf6 Rg8 21. Nc1 g5 22. g4 Ne7 23. Nd3 Ng6 24. Rfc1 c5 25. c4 cxd4 26. cxd5 exd5 27. Qc2 Be7 28. Qc7 Qxc7 29. Rxc7 Nd8 30. Nxd4 Ne6 31. Nxe6 fxe6 32. Rac1 Bxf6 33. exf6 Rf8 34. Rh7 Rxf6 35. Rcc7 Nf4 36. Nxf4 gxf4 37. Rh8+ Rf8 38. Rxh6 Ra6 39. Rhh7 Rd6 40. Rce7+ Kd8 41. Ra7 Rc6 42. Ra8+ Rc8 43. Rxa5 Rb8 44. Ra6 b3 45. Rxe6 Ra8 46. Rd6+ Kc8 47. Rxd5 Rxa4 48. Rc5+ Kb8 49. Rb5+ Kc8 50. Rxb3 Ra1+ 51. Kg2 f3+ 52. Rxf3 1-0

[Event "AUT-chT2M 0102"]
[Site "Austria"]
[Date "2001.11.04"]
[Round "3.5"]
[White "Hainzinger, Johann"]
[Black "Obermayr, Hermann"]
[Result "1/2-1/2"]
[WhiteElo "2041"]
[BlackElo "2207"]
[PlyCount "23"]
[EventDate "2001.11.02"]
[EventType "team"]
[EventRounds "11"]
[EventCountry "AUT"]
[SourceTitle "EXT 2003"]
[Source "ChessBase"]
[SourceDate "2002.11.25"]
[SourceVersion "1"]
[SourceVersionDate "2002.11.25"]
[SourceQuality "1"]
[WhiteTeam "Grieskirchen"]
[BlackTeam "Sauwald"]
[WhiteTeamCountry "AUT"]
[BlackTeamCountry "AUT"]

1. d4 Nf6 2. c4 c5 3. Nf3 cxd4 4. Nxd4 Nc6 5. Nc3 g6 6. e4 d6 7. Be2 Nxd4 8. Qxd4 Bg7 9. 0-0 0-0 10. Qd3 a5 11. Be3 Bd7 12. Nd5 1/2-1/2

[Event "AUT-chT2M 0102"]
[Site "Austria"]
[Date "2001.11.03"]
[Round "2.5"]
[White "Meindlhumer, Roland"]
[Black "Hainzinger, Johann"]
[Result "0-1"]
[WhiteElo "1943"]
[BlackElo "2041"]
[PlyCount "70"]
[EventDate "2001.11.02"]
[EventType "team"]
[EventRounds "11"]
[EventCountry "AUT"]
[SourceTitle "EXT 2003"]
[Source "ChessBase"]
[SourceDate "2002.11.25"]
[SourceVersion "1"]
[SourceVersionDate "2002.11.25"]
[SourceQuality "1"]
[WhiteTeam "Hartkirchen"]
[BlackTeam "Grieskirchen"]
[WhiteTeamCountry "AUT"]
[BlackTeamCountry "AUT"]

1. c4 c5 2. Nc3 Nf6 3. Nf3 d5 4. cxd5 Nxd5 5. Nxd5 Qxd5 6. b3 e5 7. d3 Bg4 8. Bb2 Nc6 9. h3 Bxf3 10. gxf3 g6 11. Rg1 Bh6 12. Qc2 Nd4 13. Qc3 Rc8 14. Bg2 b5 15. f4 Qe6 16. e3 exf4 17. Bd5 Qxd5 18. exd4 Bg7 19. 0-0-0 0-0 20. Kb1 Bxd4 21. Qd2 Bxb2 22. Qxb2 Rfe8 23. Rg4 f3 24. Qf6 Rc6 25. Qf4 c4 26. Qd4 Qxd4 27. Rxd4 cxb3 28. axb3 Re2 29. Rd8+ Kg7 30. d4 Rxf2 31. d5 Rcc2 32. d6 Rb2+ 33. Ka1 Rfd2 34. Rf1 Rxb3 35. Rd7 Rbd3 0-1

[Event "AUT North-ch"]
[Site "Linz"]
[Date "2001.04.13"]
[Round "8"]
[White "Hainzinger, Johann"]
[Black "Schoepf, Andreas"]
[Result "0-1"]
[WhiteElo "2038"]
[BlackElo "2208"]
[PlyCount "79"]
[EventDate "2001.04.06"]
[EventType "swiss"]
[EventRounds "9"]
[EventCountry "AUT"]
[SourceTitle "EXT 2006"]
[Source "ChessBase"]
[SourceDate "2005.11.24"]
[SourceVersion "1"]
[SourceVersionDate "2005.11.24"]
[SourceQuality "1"]

1. Nc3 c5 2. Nf3 Nc6 3. d4 cxd4 4. Nxd4 d6 5. g3 e5 6. Nb3 Be6 7. Bg2 h6 8. 0-0 Nf6 9. e4 Bc4 10. Re1 Be7 11. Nd2 Ba6 12. Nf1 Rc8 13. Be3 0-0 14. f4 b6 15. a3 Na5 16. Nd2 Rxc3 17. bxc3 Qc7 18. c4 Bxc4 19. Nxc4 Qxc4 20. Qd3 Rc8 21. Bd2 Ng4 22. Bb4 exf4 23. Bh3 Ne5 24. Qxc4 Rxc4 25. Re2 f3 26. Rd2 Bg5 27. Rxd6 Rxc2 28. Bxa5 bxa5 29. Rb1 g6 30. Rd5 Nc4 31. a4 Be3+ 32. Kh1 h5 33. e5 Nd2 34. Rd1 Ne4 35. Rf1 Nf2+ 36. Rxf2 Bxf2 37. Rd1 h4 38. e6 hxg3 39. hxg3 Bxg3 40. e7 0-1

[Event "AUT-chT2M 0001"]
[Site "Austria"]
[Date "2001.??.??"]
[Round "6"]
[White "Hainzinger, Johann"]
[Black "Hinteregger, Arthur"]
[Result "0-1"]
[WhiteElo "2035"]
[BlackElo "2170"]
[PlyCount "108"]
[EventDate "2000.??.??"]
[EventType "team"]
[EventRounds "9"]
[EventCountry "AUT"]
[SourceTitle "EXT 2003"]
[Source "ChessBase"]
[SourceDate "2002.11.25"]
[SourceVersion "1"]
[SourceVersionDate "2002.11.25"]
[SourceQuality "1"]

1. Nc3 e6 2. e4 d5 3. Nf3 Nf6 4. exd5 exd5 5. d4 Bg4 6. Bg5 Be7 7. Be2 0-0 8. 0-0 c6 9. Ne5 Bxe2 10. Qxe2 Nbd7 11. Rfe1 Re8 12. Qf3 Nxe5 13. Rxe5 Nd7 14. Rxe7 Rxe7 15. Bxe7 Qxe7 16. Ne2 Re8 17. Ng3 g6 18. Rd1 Qb4 19. b3 Re1+ 20. Rxe1 Qxe1+ 21. Nf1 Qa1 22. Qe3 Qxa2 23. Qe7 Nf8 24. Qxb7 Qxc2 25. Qxa7 Qxb3 26. g3 h5 27. Ne3 Qb1+ 28. Kg2 Qe4+ 29. Kg1 Kg7 30. Qb6 Qe6 31. Ng2 Qg4 32. Ne3 Qd7 33. Nc2 h4 34. gxh4 Qg4+ 35. Kf1 Qd1+ 36. Ne1 Ne6 37. Qxc6 Qxd4 38. Qb5 Nf4 39. Qb3 Qe4 40. Qf3 Qf5 41. Ng2 Qb1+ 42. Ne1 Qc1 43. Qe3 Qc4+ 44. Kg1 Ne2+ 45. Kg2 Qg4+ 46. Kf1 Nf4 47. Qe5+ Kh7 48. Qe7 Qh3+ 49. Kg1 Qg4+ 50. Kf1 d4 51. f3 d3 52. Qe3 Qh3+ 53. Kg1 Ne2+ 54. Kf2 Qxh2+ 0-1

[Event "AUT-chT2M 0001"]
[Site "Austria"]
[Date "2000.??.??"]
[Round "2"]
[White "Hainzinger, Johann"]
[Black "Mitterhuemer, Guenter"]
[Result "1/2-1/2"]
[WhiteElo "2035"]
[BlackElo "2105"]
[PlyCount "82"]
[EventDate "2000.??.??"]
[EventType "team"]
[EventRounds "9"]
[EventCountry "AUT"]
[SourceTitle "EXT 2003"]
[Source "ChessBase"]
[SourceDate "2002.11.25"]
[SourceVersion "1"]
[SourceVersionDate "2002.11.25"]
[SourceQuality "1"]

1. Nc3 d5 2. e4 dxe4 3. Nxe4 Qd5 4. Ng3 Nc6 5. c4 Qd7 6. Nf3 e5 7. a3 a5 8. b3 g6 9. Bb2 Bg7 10. Qc2 Nge7 11. h4 Nf5 12. Nxf5 Qxf5 13. Bd3 Qe6 14. 0-0-0 Bd7 15. Rde1 0-0-0 16. Be4 f6 17. Qc3 b6 18. d4 Nxd4 19. Nxd4 exd4 20. Qxd4 Bc6 21. Bd5 Bh6+ 22. f4 Qd6 23. Qxf6 Rhf8 24. Qxd6 Rxd6 25. g3 Bxd5 26. cxd5 Rxd5 27. Re7 Rd7 28. Rxd7 Kxd7 29. Kd2 Re8 30. Be5 Bf8 31. a4 Bd6 32. Bxd6 Kxd6 33. h5 c6 34. Kd3 b5 35. hxg6 hxg6 36. axb5 cxb5 37. Ra1 Ra8 38. Kd4 a4 39. bxa4 bxa4 40. Ra3 Ke6 41. g4 Kd6 1/2-1/2

[Event "AUT-chT2M 9899"]
[Site "Austria"]
[Date "1999.03.13"]
[Round "10"]
[White "Hainzinger, Johann"]
[Black "Hamberger, Hermann"]
[Result "1/2-1/2"]
[WhiteElo "2065"]
[BlackElo "2170"]
[PlyCount "32"]
[EventDate "1998.11.??"]
[EventType "team-swiss"]
[EventRounds "11"]
[EventCountry "AUT"]
[SourceTitle "EXT 2000"]
[Source "ChessBase"]
[SourceDate "1999.11.16"]
[SourceVersion "1"]
[SourceVersionDate "1999.11.16"]
[SourceQuality "1"]

1. d4 Nf6 2. Nf3 c5 3. d5 d6 4. Nc3 g6 5. e4 Nbd7 6. Bb5 a6 7. Bxd7+ Nxd7 8. Bf4 Bg7 9. Qd2 0-0 10. Bh6 Nf6 11. Bxg7 Kxg7 12. 0-0 Bg4 13. Ne1 Qc7 14. h3 Bd7 15. Nf3 b5 16. Rfe1 Rab8 1/2-1/2

[Event "AUT-chT2M 9899"]
[Site "Austria"]
[Date "1999.02.28"]
[Round "9"]
[White "Wallner, Alfred"]
[Black "Hainzinger, Johann"]
[Result "1/2-1/2"]
[WhiteElo "2270"]
[BlackElo "2065"]
[PlyCount "89"]
[EventDate "1998.11.??"]
[EventType "team-swiss"]
[EventRounds "11"]
[EventCountry "AUT"]
[SourceTitle "EXT 2000"]
[Source "ChessBase"]
[SourceDate "1999.11.16"]
[SourceVersion "1"]
[SourceVersionDate "1999.11.16"]
[SourceQuality "1"]

1. e4 g6 2. d4 Bg7 3. Nc3 d6 4. Nf3 Nd7 5. Bc4 e6 6. Bf4 a6 7. a4 Ne7 8. Qd2 h6 9. 0-0 g5 10. Bg3 Ng6 11. h3 0-0 12. Rad1 e5 13. dxe5 Ndxe5 14. Nxe5 Nxe5 15. Be2 Ng6 16. Bh5 Be6 17. Nd5 Bxd5 18. Qxd5 Nf4 19. Bxf4 gxf4 20. Qxb7 Rb8 21. Qxa6 Rxb2 22. Qc4 Qg5 23. Rd5 Be5 24. Bf3 c5 25. Rd3 Rb4 26. Qa6 Rfb8 27. c3 Rb3 28. Bd1 Rxc3 29. Rxc3 Bxc3 30. Qxd6 Rd8 31. Qa6 Rd2 32. e5 Bxe5 33. Qc6 Bd4 34. Bb3 Kg7 35. Qb7 Qf6 36. a5 Rb2 37. Qd5 f3 38. gxf3 Qg6+ 39. Kh1 Rxf2 40. Rxf2 Bxf2 41. Qe5+ Kh7 42. Qe4 f5 43. Qb7+ Kh8 44. Qb8+ Kh7 45. Qb7+ 1/2-1/2

[Event "AUT-chT2M 9899"]
[Site "Austria"]
[Date "1999.02.27"]
[Round "8"]
[White "Punzenberger, Franz"]
[Black "Hainzinger, Johann"]
[Result "1/2-1/2"]
[WhiteElo "2100"]
[BlackElo "2065"]
[PlyCount "36"]
[EventDate "1998.11.??"]
[EventType "team-swiss"]
[EventRounds "11"]
[EventCountry "AUT"]
[SourceTitle "EXT 2000"]
[Source "ChessBase"]
[SourceDate "1999.11.16"]
[SourceVersion "1"]
[SourceVersionDate "1999.11.16"]
[SourceQuality "1"]

1. f4 e5 2. e4 Bc5 3. Nf3 d6 4. Bc4 Qf6 5. d3 Nc6 6. Nc3 Nge7 7. f5 h6 8. g4 Nd4 9. h4 g5 10. Nxd4 exd4 11. Nb5 Bb6 12. hxg5 hxg5 13. Rxh8+ Qxh8 14. Bxg5 Ba5+ 15. Kf2 Qh2+ 16. Kf3 Qh3+ 17. Kf2 Qh2+ 18. Kf3 Qh3+ 1/2-1/2

[Event "AUT-chT2M 9899"]
[Site "Austria"]
[Date "1999.01.23"]
[Round "6"]
[White "Hainzinger, Johann"]
[Black "Rolletschek, Heinrich"]
[Result "1-0"]
[WhiteElo "2065"]
[BlackElo "2300"]
[PlyCount "47"]
[EventDate "1998.11.??"]
[EventType "team-swiss"]
[EventRounds "11"]
[EventCountry "AUT"]
[SourceTitle "EXT 2000"]
[Source "ChessBase"]
[SourceDate "1999.11.16"]
[SourceVersion "1"]
[SourceVersionDate "1999.11.16"]
[SourceQuality "1"]

1. d4 f5 2. h3 Nf6 3. g4 fxg4 4. hxg4 Nxg4 5. Qd3 Nf6 6. Rxh7 Kf7 7. Rxh8 e5 8. Qb3+ d5 9. dxe5 Ng4 10. Qf3+ Nf6 11. Rxf8+ Kxf8 12. exf6 Qxf6 13. Qxd5 Nc6 14. Nc3 Be6 15. Qf3 Bf5 16. Be3 Rd8 17. Rd1 Rxd1+ 18. Kxd1 Kg8 19. Bh3 g6 20. Bxf5 gxf5 21. Nh3 Kf7 22. Qh5+ Qg6 23. Qxg6+ Kf8 24. Bc5+ 1-0

[Event "AUT-chT2M 9899"]
[Site "Austria"]
[Date "1998.12.13"]
[Round "5"]
[White "Hinteregger, Arthur"]
[Black "Hainzinger, Johann"]
[Result "1-0"]
[WhiteElo "2160"]
[BlackElo "2065"]
[PlyCount "59"]
[EventDate "1998.11.??"]
[EventType "team-swiss"]
[EventRounds "11"]
[EventCountry "AUT"]
[SourceTitle "EXT 2000"]
[Source "ChessBase"]
[SourceDate "1999.11.16"]
[SourceVersion "1"]
[SourceVersionDate "1999.11.16"]
[SourceQuality "1"]

1. d4 g6 2. c4 Bg7 3. Nc3 d6 4. Nf3 Nc6 5. e4 e5 6. dxe5 Nxe5 7. Nxe5 Bxe5 8. Be3 Bg7 9. Qd2 Be6 10. Be2 a6 11. 0-0 Nf6 12. f3 0-0 13. Rfd1 Re8 14. Rac1 Nd7 15. Nd5 f5 16. Bg5 Nf6 17. exf5 Bxf5 18. Bf1 c6 19. Nc3 Qb6+ 20. Kh1 Rad8 21. Na4 Qa7 22. g4 Bc8 23. c5 d5 24. Re1 Bd7 25. Nb6 Rf8 26. Re7 Rf7 27. Rce1 Rxe7 28. Rxe7 Be8 29. Rxg7+ Kxg7 30. Qd4 1-0

[Event "AUT-chT2O 9798"]
[Site "Austria"]
[Date "1998.??.??"]
[Round "8"]
[White "Hainzinger, Johann"]
[Black "Baumgartner, Heinz"]
[Result "0-1"]
[WhiteElo "2120"]
[BlackElo "2295"]
[PlyCount "100"]
[EventDate "1997.??.??"]
[EventType "team"]
[EventRounds "13"]
[EventCountry "AUT"]
[SourceTitle "EXT 1999"]
[Source "ChessBase"]
[SourceDate "1998.11.16"]
[SourceVersion "1"]
[SourceVersionDate "1998.11.16"]
[SourceQuality "1"]

1. Nc3 d5 2. e4 dxe4 3. Nxe4 e5 4. Bc4 Nc6 5. Nf3 Be7 6. d3 Bg4 7. c3 Bxf3 8. Qxf3 Nf6 9. Qg3 0-0 10. Bh6 Ne8 11. h4 Kh8 12. Bg5 Nd6 13. Nxd6 Qxd6 14. Bxe7 Nxe7 15. h5 Rad8 16. h6 g6 17. 0-0-0 f6 18. Qf3 c6 19. d4 b5 20. Bb3 Qc7 21. dxe5 fxe5 22. Rxd8 Qxd8 23. Qe3 Qc7 24. Re1 Nf5 25. Qxe5+ Qxe5 26. Rxe5 Nxh6 27. f3 Nf5 28. Re6 Nh4 29. Rxc6 Nxg2 30. Bd5 Nf4 31. Be4 Kg7 32. Rc5 a6 33. Kd2 h5 34. Ke3 Rf6 35. b4 h4 36. Kf2 Rd6 37. Rc6 Rd1 38. Ke3 g5 39. Rc7+ Kg8 40. Rc8+ Kg7 41. Rc7+ Kf6 42. Rc6+ Kg7 43. Rc7+ Kf8 44. Rc8+ Ke7 45. Rc7+ Ke6 46. Rc6+ Rd6 47. Rc8 h3 48. Rh8 Ng2+ 49. Ke2 Ke5 50. Rf8 h2 0-1

[Event "AUT-chT2O 9798"]
[Site "Austria"]
[Date "1997.11.09"]
[Round "3"]
[White "Hainzinger, Johann"]
[Black "Hardt, Christian"]
[Result "0-1"]
[WhiteElo "2120"]
[BlackElo "2165"]
[PlyCount "88"]
[EventDate "1997.??.??"]
[EventType "team"]
[EventRounds "13"]
[EventCountry "AUT"]
[SourceTitle "EXT 1999"]
[Source "ChessBase"]
[SourceDate "1998.11.16"]
[SourceVersion "1"]
[SourceVersionDate "1998.11.16"]
[SourceQuality "1"]

1. Nc3 c5 2. e4 Nc6 3. g3 g6 4. Bg2 Bg7 5. d3 e6 6. Be3 d6 7. Qd2 Rb8 8. Nge2 Nd4 9. Nd1 b5 10. c3 Nxe2 11. Qxe2 Ne7 12. Qd2 0-0 13. Bh6 d5 14. Bxg7 Kxg7 15. e5 d4 16. h4 h5 17. 0-0 Bb7 18. Bxb7 Rxb7 19. c4 bxc4 20. dxc4 Qb8 21. Qg5 Nc6 22. Re1 Qd8 23. b3 Qa5 24. Nb2 Nb4 25. Qd2 Qc7 26. Nd3 Qc6 27. a3 Nxd3 28. Qxd3 Rfb8 29. Reb1 Qc7 30. f4 a5 31. Rb2 a4 32. Rab1 Rxb3 33. Rxb3 Rxb3 34. Rxb3 axb3 35. Qxb3 Qa5 36. Qb7 Qxa3 37. Kh2 Qa2+ 38. Kg1 Qxc4 39. Qe7 Qd5 40. Qf6+ Kg8 41. g4 d3 42. f5 d2 43. fxg6 d1Q+ 44. Kf2 Q1d2+ 0-1

[Event "AUT-chT2O 9798"]
[Site "Austria"]
[Date "1997.??.??"]
[Round "4"]
[White "Hainzinger, Johann"]
[Black "Sulyok, Michael"]
[Result "0-1"]
[WhiteElo "2120"]
[BlackElo "2220"]
[PlyCount "148"]
[EventDate "1997.??.??"]
[EventType "team"]
[EventRounds "13"]
[EventCountry "AUT"]
[SourceTitle "EXT 1999"]
[Source "ChessBase"]
[SourceDate "1998.11.16"]
[SourceVersion "1"]
[SourceVersionDate "1998.11.16"]
[SourceQuality "1"]

1. e4 g6 2. d4 Bg7 3. Nc3 d6 4. h4 Nf6 5. Be2 c5 6. dxc5 Qa5 7. cxd6 Nxe4 8. Bd2 Nxc3 9. Bxc3 Bxc3+ 10. bxc3 Qxc3+ 11. Kf1 exd6 12. h5 Nc6 13. Rb1 Bf5 14. Rxb7 0-0 15. hxg6 hxg6 16. Rh4 Bxc2 17. Qc1 Na5 18. Rb2 Rfc8 19. Rh3 Qc5 20. Nf3 Bf5 21. Qxc5 Rxc5 22. Rh4 Rc1+ 23. Ne1 Rac8 24. Ra4 R8c5 25. g4 Be6 26. f3 Ra1 27. Kf2 Nc6 28. Bb5 Ne5 29. Rxa7 Rcc1 30. Nc2 Rab1 31. Rxb1 Rxb1 32. Nd4 Rb2+ 33. Kg3 Rxa2 34. Rxa2 Bxa2 35. Kf4 Kf8 36. Ke4 Ke7 37. Be2 Be6 38. Bd1 Nc4 39. Nc6+ Kd7 40. Ba4 Kc7 41. Nb4 Nb6 42. Bc6 Kd8 43. Kf4 Ke7 44. Ke4 Kf6 45. Kf4 Bc4 46. Nc2 g5+ 47. Ke4 Ba2 48. Kd4 Ke6 49. Ne3 Bb3 50. Be4 d5 51. Bf5+ Kd6 52. Ng2 Na8 53. f4 gxf4 54. Nxf4 Nc7 55. Bd3 Ne6+ 56. Nxe6 fxe6 57. g5 e5+ 58. Kc3 Bd1 59. Bf5 Bh5 60. Kd3 Ke7 61. Kc3 Be8 62. Kb4 Bd7 63. Bh7 Kd6 64. Bg8 Be6 65. Bh7 e4 66. Bg6 Ke5 67. Be8 Kf4 68. g6 e3 69. Kc3 Kf3 70. Bb5 Kf2 71. Kd4 e2 72. Bxe2 Kxe2 73. Ke5 Bg8 74. Kf6 d4 0-1

[Event "AUT-chT2O 9697"]
[Site "Austria"]
[Date "1997.??.??"]
[Round "?"]
[White "Holzer, Gerhard"]
[Black "Hainzinger, Johann"]
[Result "1-0"]
[WhiteElo "2200"]
[BlackElo "2125"]
[PlyCount "161"]
[EventDate "1996.??.??"]
[EventType "team"]
[EventRounds "11"]
[EventCountry "AUT"]
[SourceTitle "EXT 1998"]
[Source "ChessBase"]
[SourceDate "1997.11.17"]
[SourceVersion "1"]
[SourceVersionDate "1997.11.17"]
[SourceQuality "1"]

1. e4 d6 2. d4 Nd7 3. Nf3 g6 4. Bc4 e6 5. Bg5 Ne7 6. Nc3 Bg7 7. Qd2 h6 8. Be3 a6 9. a4 b6 10. 0-0 g5 11. h4 gxh4 12. Nxh4 Nc6 13. g3 Qf6 14. Rad1 Bb7 15. Qe2 Nf8 16. d5 Ne5 17. Bb3 Neg6 18. Nxg6 Qxg6 19. Qc4 Rc8 20. a5 Bxc3 21. Qxc3 e5 22. Qd3 Nd7 23. axb6 cxb6 24. Kg2 h5 25. Rh1 h4 26. Rh3 Ke7 27. Rdh1 Rh5 28. Rxh4 Rch8 29. Rxh5 Rxh5 30. Rxh5 Qxh5 31. Qc4 Nc5 32. Bxc5 bxc5 33. f3 f5 34. exf5 Qxf5 35. Qh4+ Kf7 36. Qd8 Bc8 37. g4 Qd7 38. Qg5 Qb5 39. Qh5+ Ke7 40. Qh4+ Kd7 41. Qh7+ Kd8 42. Qe4 Qa5 43. Qe3 Qa1 44. Qc3 Qd1 45. Qa5+ Ke7 46. Qc3 Qe2+ 47. Kg3 Qd1 48. Qe3 Bd7 49. Kg2 Qa1 50. Qg5+ Ke8 51. Bc4 e4 52. Qg8+ Ke7 53. Qg7+ Kd8 54. g5 exf3+ 55. Kf2 Qh1 56. Qf6+ Kc7 57. Bf1 Qh4+ 58. Kxf3 Bg4+ 59. Ke3 Qe1+ 60. Kf4 Qh4 61. Bd3 Be6+ 62. Ke3 Bxd5 63. Qe7+ Kc6 64. Bxa6 Qe1+ 65. Be2 Qc1+ 66. Kf2 Qxc2 67. Qf6 Qe4 68. g6 Qg2+ 69. Ke1 Qg3+ 70. Kd2 Qe5 71. Qxe5 dxe5 72. b3 Kd6 73. Bc4 Bxc4 74. bxc4 Ke6 75. Ke3 Kf6 76. Ke4 Kxg6 77. Kxe5 Kf7 78. Kd6 Ke8 79. Kxc5 Kd7 80. Kb6 Kc8 81. Kc6 1-0